Loading...
Fine Arts - Classical Music | 7 | 8.57 | 71% | 14% | 0% |
Fine Arts - Other Fine Arts | 4 | 17.50 | 75% | 50% | 50% |
Fine Arts - Visual Fine Arts | 1 | 20.00 | 100% | 100% | 0% |
Geography/Current Events | 2 | 15.00 | 100% | 50% | 0% |
History - American History | 4 | 17.50 | 75% | 75% | 25% |
History - European History | 6 | 11.67 | 100% | 17% | 0% |
History - Other History | 3 | 10.00 | 33% | 33% | 33% |
History - World History | 6 | 15.00 | 100% | 50% | 0% |
Literature - American Literature | 5 | 12.00 | 80% | 40% | 0% |
Literature - British Literature | 1 | 10.00 | 100% | 0% | 0% |
Literature - European Literature | 3 | 16.67 | 100% | 67% | 0% |
Literature - World/Other Literature | 8 | 17.50 | 100% | 63% | 13% |
Mythology | 4 | 17.50 | 100% | 50% | 25% |
Other Academic | 2 | 25.00 | 100% | 100% | 50% |
Philosophy | 3 | 10.00 | 67% | 33% | 0% |
Pop Culture | 1 | 20.00 | 100% | 100% | 0% |
Religion | 1 | 10.00 | 100% | 0% | 0% |
Science - Biology | 1 | 20.00 | 100% | 100% | 0% |
Science - Chemistry | 6 | 16.67 | 67% | 50% | 50% |
Science - Other Science | 4 | 10.00 | 100% | 0% | 0% |
Science - Physics | 6 | 10.00 | 83% | 17% | 0% |
Social Science | 6 | 11.67 | 83% | 33% | 0% |